[Event "Wellington Club Championship - B Grade"]
[Site "Wellington Chess Club"]
[Date "2024.10.17"]
[Round "4.2"]
[White "Aldridge, Alan L"]
[Black "Malcolm, Aidan"]
[Result "1-0"]
[WhiteElo "1822"]
[BlackElo "1859"]
[WhiteFideId "4301528"]
[BlackFideId "4315073"]
[PlyCount "0"]
[EventDate "2024.09.26"]
[SourceDate ""]

1. e4 c5 2. Nf3 d6 3. Bb5+ Nd7 4. a4 a6 5. Bc4 Ngf6 6. Nc3 g6 7. O-O Bg7 8. d3
O-O 9. h3 h6 10. Re1 b6 11. Ba2 Bb7 12. Bf4 Rc8 13. e5 (13. e5 {Stockfish 11 64
-0.90 (depth 30) } 13... Bxf3 14. Qxf3 dxe5 15. Bd2 Rc7 16. Ne4 e6 17. Nxf6+
Nxf6 18. Bc3 Nd7 19. Bc4 Ra7 20. Qe4 Qc7 21. h4 h5 22. Rad1 Qd6 23. g4 Qe7 24.
gxh5 Nf6 25. Qxe5 Nxh5 26. Qg5 Qc7 27. Bxg7 Nxg7) 13... Nh5 14. exd6 e5 15. Bh2
Kh7 16. Bd5 Bc6 17. Bxc6 Rxc6 18. Nxe5 Nxe5 19. Bxe5 Bxe5 20. Rxe5 Qxd6 21. Qe2
Nf4 22. Qe4 Ne6 23. Rd5 Qc7 24. Ne2 Ng5 25. Qf4 Qe7 26. Re5 Ne6 27. Qe4 Rd6 28.
c3 Qf6 29. Re1 Rfd8 30. f4 Ng7 31. d4 R8d7 32. Rf1 cxd4 33. Nxd4 Qd8 34. f5
gxf5 35. Nxf5 Nxf5 36. Rexf5 Kg8 37. Qf4 Qe8 38. Rf6 Rxf6 39. Qxf6 Qe3+ 40. Qf2
Qe6 41. Re1 Qg6 42. Re8+ Kg7 43. Qe2 a5 44. Qe5+ f6 45. Qe2 Kf7 46. Qe6+ 1-0

[Event "Wellington Club Championship - B Grade"]
[Site "Wellington Chess Club"]
[Date "2024.10.24"]
[Round "4.3"]
[White "Winsley, Daniel"]
[Black "Benitez, Edgar"]
[Result "0-1"]
[WhiteElo "1781"]
[BlackElo "1862"]
[WhiteFideId "4315138"]
[BlackFideId "4301315"]
[PlyCount "0"]
[EventDate "2024.09.26"]
[SourceDate ""]

1. e4 d5 2. exd5 Nf6 3. d4 Nxd5 4. c4 Nb6 5. Nc3 Nc6 6. Be3 Bf5 7. Rc1 e6 8. g4
Bg6 9. Be2 Bb4 10. h4 h6 11. b3 Ba3 12. Bf3 Bxc1 13. Qxc1 Rb8 14. Nge2 Nb4 15.
Kf1 c6 16. Qa3 Nc2 17. Qxa7 Nxe3+ 18. fxe3 O-O 19. Qa5 Ra8 20. Qb4 Qc7 21. Nf4
e5 22. Nxg6 fxg6 23. Kg2 exd4 24. exd4 Qf4 25. Rf1 Qxd4 26. Rf2 Rae8 27. Ne2
Qe3 28. Ng3 Nd7 29. Nf1 Qc5 30. Qc3 Ne5 31. Nd2 Nxf3 32. Nxf3 Re3 33. Qd2 Qe7
34. b4 Rfxf3 0-1

[Event "Wellington Club Championship - B Grade"]
[Site "Wellington Chess Club"]
[Date "2024.10.24"]
[Round "4.4"]
[White "Jackson, L Ross"]
[Black "Sethuramalingam, Karthik"]
[Result "0-1"]
[WhiteElo "1942"]
[BlackElo "1871"]

1. d4 d5 2. c4 e6 3. Nc3 Bb4 4. e3 Nf6 5. Qc2 O-O 6. a3 Bxc3+ 7. Qxc3 Ne4 8.
Qc2 b6 9. Nf3 Bb7 10. Bd3 f5 11. O-O c5 12. cxd5 exd5 13. b3 Nd7 14. Bb2 Rc8
15. Qe2 Qe7 16. Rac1 Qe6 $6 { Inaccuracy. Rc6 was best. }  (16... Rc6) 17. Nd2
$2 { Mistake. dxc5 was best. }  (17. dxc5 Ndxc5 18. Nd4 Qg6 19. Rfd1 Nxd3 20.
Rxc8 Bxc8 21. Qxd3 Nc5 22. Qc3 Bb7) 17... cxd4 $2 { Mistake. c4 was best. }  (
17... c4 18. bxc4 Nxd2 19. Qxd2 dxc4 20. Bb1 f4 21. exf4 Bxg2 22. Kxg2 Qg4+ 23.
Kh1) 18. exd4 Qh6 19. Nb1 $6 { Inaccuracy. Nf3 was best. }  (19. Nf3 Rfd8 20.
Ba6 Rxc1 21. Rxc1 Bxa6 22. Qxa6 Ng5 23. Nxg5 Qxg5 24. Qxa7 Qd2) 19... f4 20.
Rxc8 Bxc8 21. Bxe4 dxe4 22. Qxe4 f3 23. Bc1 Qh5 24. Nc3 fxg2 25. Re1 Nf6 26.
Qxg2 Ng4 27. Qd5+ Qxd5 28. Nxd5 Nxf2 $4 { Blunder. Nf6 was best. }  (28... Nf6
29. Ne7+) 29. Ne7+ Kh8 30. Nxc8 $2 { Mistake. Rf1 was best. }  (30. Rf1 Nh3+
31. Kg2 Rxf1 32. Kxf1 Bg4 { [%csl Bd4] } 33. d5 h6 34. Ng6+ Kg8 35. Kg2 Bd7) 
30... Nd3 31. Rd1 $6 { Inaccuracy. Re3 was best. }  (31. Re3) 31... Rxc8 32.
Rxd3 Rxc1+ 33. Kg2 Kg8 34. h3 Kf7 35. Kf3 Re1 36. Rc3 Re7 37. Rc6 Ke8 38. Kf4
Kd7 39. d5 Re1 40. Rc3 Kd6 41. Rg3 $2 { Mistake. Rc6+ was best. }  (41. Rc6+
Kxd5 42. Rc7)  (41. Rc7) 41... g6 42. h4 Kxd5 43. h5 $2 { Mistake. Rd3+ was
best. }  (43. Rd3+ Ke6 44. Rg3 Rf1+ 45. Kg4 a5 46. Rc3 Kd5 47. Rd3+ Ke4 48. Rd7
Rf4+) 43... Re4+ 44. Kf3 Kd4 45. Rg5 gxh5 $6 { Inaccuracy. Re3+ was best. }  (
45... Re3+ 46. Kf2 Rxb3 47. a4 gxh5 48. a5 Kc4 49. Rxh5 Rb5 50. Rh4+ Kc3 51.
axb6) 46. Rxh5 $6 { Inaccuracy. Rg7 was best. }  (46. Rg7 Re3+) 46... Re3+ 47.
Kf2 Rxb3 48. a4 a5 49. Rxh7 Rb4 50. Ke2 Kc3 51. Rh6 Kb3 52. Kd2 Kxa4 53. Kc2
Ka3 54. Rh3+ Ka2 55. Kc1 $4 { Checkmate is now unavoidable. Rh6 was best. }  (
55. Rh6 b5 56. Kc3 Rc4+ 57. Kd3 a4 58. Rb6 Rb4 59. Rc6 a3 60. Rd6 Kb2) 55...
Rb2 56. Rh6 a4 { 0-1 White Resigned } 0-1

[Event "Wellington Club Championship - B Grade"]
[Site "Wellington Chess Club"]
[Date "2024.10.17"]
[Round "4.5"]
[White "Tanoi, T Edward"]
[Black "Ulm, Joy"]
[Result "1-0"]
[WhiteElo "1917"]
[BlackElo "1890"]
[WhiteFideId "4302087"]
[BlackFideId "4321081"]
[PlyCount "0"]
[EventDate "2024.09.26"]
[SourceDate ""]

1. e4 e5 2. Nf3 Nc6 3. Bc4 Bc5 4. O-O Nf6 5. d3 O-O 6. c3 d6 7. h3 a5 8. Bg5 h6
9. Bh4 Re8 10. Nbd2 Be6 11. Bb5 Bd7 12. Ba4 Kh7 13. a3 g5 14. Bg3 Ba7 15. Qb3
Qe7 16. Nc4 Rab8 17. Bxc6 bxc6 18. Qc2 Nh5 19. Kh2 Nf4 20. Ne3 Qf6 21. Ng4 Qg6
22. d4 f5 23. Ngxe5 dxe5 24. Nxe5 Rxe5 25. dxe5 fxe4 26. Qd2 Nd3 27. b4 Bb6 28.
Rab1 axb4 29. axb4 Bf5 30. Rbd1 Re8 31. f4 g4 32. h4 e3 33. Qe2 Nf2 34. Bxf2
exf2 35. g3 Be4 36. Rd7+ Kh8 37. Qd2 Bd5 38. f5 Qh5 39. e6 Bc4 40. Rxf2 Bxf2
41. Qxf2 Bd5 42. Qd4+ 1-0

[Event "Wellington Club Championship - B Grade"]
[Site "Wellington Chess Club"]
[Date "2024.10.31"]
[Round "5.1"]
[White "Ulm, Joy"]
[Black "Chang, Luke"]
[Result "0-1"]
[WhiteElo "1890"]
[BlackElo "1930"]
[WhiteFideId "4321081"]
[BlackFideId "4325605"]
[PlyCount "0"]
[EventDate "2024.09.26"]
[SourceDate ""]

1. d4 d5 2. c4 c6 3. cxd5 cxd5 4. Bf4 Nc6 5. Nc3 Nf6 6. e3 Bg4 7. Nf3 a6 8. Bd3
e6 9. Rc1 Be7 10. O-O O-O 11. h3 Bxf3 12. Qxf3 Rc8 13. a3 Na5 14. Qe2 b5 15. a4
Nc4 16. axb5 axb5 17. Nxb5 Qb6 18. Bxc4 dxc4 19. Rxc4 Qxb5 20. Rc2 Qxe2 21.
Rxe2 Nd5 22. Bg3 Nb4 23. f3 Rfd8 24. Rd1 Rc2 25. Rdd2 Rxd2 26. Rxd2 Rc8 27. Kf1
Kf8 28. Ke2 Rc2 29. Be1 Rxd2+ 30. Bxd2 Ke8 31. e4 Kd7 32. Bc3 g6 33. g4 Kc6 34.
Ke3 Kb5 35. Kf4 Kc4 36. Bxb4 Kxb4 37. Ke5 Kb5 38. f4 Kc6 39. f5 Kd7 40. fxe6+
fxe6 41. d5 exd5 42. exd5 Bd8 43. b4 Ke7 44. d6+ Kd7 45. b5 Bh4 46. Kd5 Bg3 47.
b6 Bxd6 48. h4 Bg3 49. h5 Ke7 50. hxg6 hxg6 51. g5 Bh2 52. b7 0-1

[Event "Wellington Club Championship - B Grade"]
[Site "Wellington Chess Club"]
[Date "2024.10.31"]
[Round "5.2"]
[White "Sethuramalingam, Karthik"]
[Black "Tanoi, T Edward"]
[Result "0-1"]
[WhiteElo "1871"]
[BlackElo "1917"]
[WhiteFideId "4320964"]
[BlackFideId "4302087"]
[PlyCount "0"]
[EventDate "2024.09.26"]
[SourceDate ""]

1. d4 d5 2. c4 Nf6 $5 3. cxd5 Qxd5 4. Nc3 Qa5 5. Bd2 { 1:27 } 5... Qb6 6. Nf3 {
1:23 } 6... Bf5 (6... Qxb2 7. Rb1 Qa3 8. Nb5) 7. Na4 { 1:09 } 7... Qd6 8. Qb3 {
1:08 } 8... Nc6 $6 { Inaccuracy. Qd5 was best.   Hoping I would take on b7  
[%csl Bb7] }  (8... Qd5 9. Qxd5 Nxd5 10. Rc1 c6 11. Nc5 Nd7 12. Nxb7 Rb8 13.
Na5 Rxb2 14. Ng5) 9. e3 { 57 }  (9. Qxb7 Rb8 10. Qa6 Nb4 (10... Nxd4) 11. Qxa7
Nc2+ 12. Kd1 Rd8) 9... Bc8 { 1:11 } 10. Bb5 $6 { Inaccuracy. Rc1 was best.   48
}  (10. Nc5)  (10. Rc1 e6 11. Nc5 Rb8 12. Ne5 Qd5 13. Nxc6 Qxb3 14. Nxb3 bxc6
15. Rxc6 Bd6) 10... Be6 $6 { Inaccuracy. a6 was best.   1:08 }  (10... a6 11.
Bc4) 11. Qc2 { 46 } 11... Bd5 $2 { Mistake. a6 was best. }  (11... a6) 12. Nc5
{ 38 } 12... Bxf3 $6 { Inaccuracy. O-O-O was best.   1:03 }  (12... b6 13. Nb7
Qd7 14. Ne5) 13. gxf3 O-O-O (13... b6 14. Na6 (14. Nb7) )  (13... Rb8 $4 14.
Nxb7 $1 Rxb7 15. Bxc6+ Kd8 16. Bxb7) 14. Rc1 { 27 } 14... Nb8 $1 (14... Nxd4
15. exd4 Qxd4) 15. Qb3 $6 { Inaccuracy. Nd3 was best. }  (15. Nd3 Nbd7 16. Ba5
Ne8 17. Bxd7+ Rxd7 18. Qa4 e6 19. Ne5 Be7 20. h4 Rd8) 15... Qd5 16. Qc2 { 1
minute Draw offered by Black and rejected. } 16... Qd6 $2 { Mistake. c6 was
best.   44 }  (16... Qxf3 17. Ne6 Qxh1+ 18. Ke2 Qxc1 19. Bxc1 fxe6)  (16... c6
17. Be2 e5 18. Qf5+ Nbd7 19. Bc4 Qd6 20. Bxf7 exd4 21. Ne6 Qe5 22. Nxd4) 17.
Nd3 { Blitzed this out without calculating, but I was on a minute. } 17... Nfd7
$6 { Inaccuracy. Nbd7 was best. }  (17... Nbd7 18. Ba5 Ne8 19. Bxd7+ Rxd7 20.
Qa4 e6 21. Ne5 Rg8 22. Bd2 a6 23. Ke2) 18. Bb4 Qb6 19. a4 $2 { Mistake. Qa4 was
best. }  (19. Qa4 a6 (19... Qf6 20. Ke2 c6 21. Ba5 Nb6 22. Bxb6 axb6 23. Ne5
Rd6 24. Nc4 e6) 20. Ba5 axb5 21. Bxb6 Nxb6 22. Qxb5) 19... Nc6 $6 { Inaccuracy.
e5 was best. }  (19... e5 20. Bc3 a6 21. Bxd7+ Nxd7 22. Ke2 Kb8 23. dxe5 Nc5
24. Nxc5 Bxc5 25. Rhg1) 20. Bxc6 Qxc6 21. Qxc6 bxc6 22. Rxc6 Kb7 23. Rc2 e6 24.
a5 Nb8 25. Bxf8 Rhxf8 26. Rg1 g6 27. Ke2 Na6 28. Rgc1 Rd5 29. Nc5+ $6 {
Inaccuracy. b4 was best. }  (29. b4 Rfd8 30. h4 Rb5 31. Rc4 Rdd5 32. f4 Rd6 33.
Kd2 Rh5 34. e4 f6) 29... Nxc5 30. Rxc5 Rxc5 31. Rxc5 Rd8 32. Kd3 c6 33. b4 a6
34. Ke4 f6 35. h4 Kc7 36. f4 $2 { Mistake. Kd3 was best. }  (36. Kd3) 36... Rb8
37. Rc4 Rb5 38. Kf3 Kd6 39. e4 f5 40. Rc5 $2 { Mistake. e5+ was best. }  (40.
e5+ Kd5 41. Rc3 Rxb4 42. Rc5+ Kxd4 43. Rxc6) 40... Rxb4 41. exf5 $4 { Blunder.
e5+ was best. }  (41. e5+ Kd7 (41... Kc7 42. Ke3 Rb3+ 43. Ke2 Rb1 44. f3 Rh1
45. Ke3 Rh2 46. Rc1 Ra2) 42. Ke3 Rb3+ 43. Ke2 Rh3 44. h5 Rxh5 45. Rc4 Rh4 46.
Ke3) 41... gxf5 42. Rc3 Rb5 $6 { Inaccuracy. h5 was best. }  (42... h5 43. Re3
Rxd4 44. Rb3 Ra4 45. Rb8 Rxa5 46. Rh8 Ra3+ 47. Ke2 Rh3 48. Rxh5) 43. Ra3 Kd5 $2
{ Mistake. h5 was best. }  (43... h5 44. Ke3 Kd5 45. f3 Kc4 46. Ra4+ Rb4 47.
Ra1 Rb3+ 48. Ke2 Kxd4 49. Rd1+) 44. Ke3 $6 { Inaccuracy. h5 was best. }  (44.
h5 h6 45. Ra1 Kxd4 46. Rd1+ Kc5 47. Rd8 Rxa5 48. Rh8 Ra3+ 49. Kg2 Rb3) 44... h5
45. Kd3 $2 { Mistake. f3 was best. }  (45. f3 Kc4) 45... Rb4 46. Ke3 Rxd4 47.
f3 c5 48. Ra2 $6 { Inaccuracy. Rb3 was best. }  (48. Rb3 c4 49. Rb6 c3 50. Rb8
Rc4 51. Kd3 Rxf4 52. Rd8+ Ke5 53. Kxc3 Rxf3+) 48... c4 49. Ra3 Kc5 50. Rc3 Rd6
51. Ra3 $6 Kb4 52. Ra1 c3 0-1

[Event "Wellington Club Championship - B Grade"]
[Site "Wellington Chess Club"]
[Date "2024.10.31"]
[Round "5.3"]
[White "Benitez, Edgar"]
[Black "Jackson, L Ross"]
[Result "0-1"]
[WhiteElo "1862"]
[BlackElo "1942"]
[WhiteFideId "4301315"]
[BlackFideId "4301501"]
[PlyCount "0"]
[EventDate "2024.09.26"]
[SourceDate ""]

1. e4 c5 2. c3 d5 3. e5 Nc6 4. d4 e6 5. Nf3 Qb6 6. Be2 f6 7. O-O fxe5 8. dxe5
Nge7 9. Bd3 g6 10. Re1 Bg7 11. Na3 O-O 12. Rb1 a6 13. Bg5 Qc7 14. Qe2 b5 15.
Rbc1 Bb7 16. Qe3 c4 17. Bb1 Rac8 18. Bf4 Qd7 19. Nd4 Nxd4 20. cxd4 b4 21. Nc2
Nf5 22. Qd2 a5 23. Ne3 Nxe3 24. Qxe3 Rc7 25. h4 Qf7 26. Bg3 Rfc8 27. Re2 Qf8
28. f4 Ba6 29. Rec2 Bh6 30. Rf2 c3 31. b3 Bb5 32. Bc2 Qe8 33. Qf3 a4 34. Qg4
axb3 35. axb3 Kh8 36. Ra1 Re7 37. Qd1 Ra8 38. Rxa8 Qxa8 39. h5 Be8 40. Bh4 Ra7
41. Qg4 Qc6 42. hxg6 hxg6 43. Bxg6 Bxg6 44. Qxg6 Bg7 45. Bf6 Kg8 46. Bg5 Qd7
47. Qc2 Ra1+ 48. Kh2 Qf7 49. Qe2 Qd7 50. Qg4 Qc6 51. Qh5 Bf8 52. Qg4 c2 53.
Rxc2 Qxc2 54. Qxe6+ Kh7 55. f5 {White lost on time} 0-1

[Event "Wellington Club Championship - B Grade"]
[Site "Wellington Chess Club"]
[Date "2024.10.31"]
[Round "5.4"]
[White "Malcolm, Aidan"]
[Black "Winsley, Daniel"]
[Result "1-0"]
[WhiteElo "1859"]
[BlackElo "1781"]
[WhiteFideId "4315073"]
[BlackFideId "4315138"]
[PlyCount "0"]
[EventDate "2024.09.26"]
[SourceDate ""]

1. e4 e6 2. d4 d5 3. Nc3 Bb4 4. e5 c5 5. a3 Bxc3+ 6. bxc3 Nc6 7. h4 Nge7 8. h5
h6 9. Qg4 Rg8 10. Nf3 Qa5 11. Bd2 c4 12. Be2 Bd7 13. Nh4 O-O-O 14. Qf3 f6 15.
exf6 Rdf8 16. f7 Rh8 17. Ng6 Nxg6 18. hxg6 e5 19. Rh5 e4 20. Qg3 Ne7 21. Bxc4
Bf5 22. Rxf5 Nxf5 23. Qe5 Ne7 24. Qxe7 dxc4 25. Qxe4 Qa6 26. Bf4 Kd7 27. Rb1
Re8 28. fxe8=B+ Rxe8 29. Be5 1-0

[Event "Wellington Club Championship - B Grade"]
[Site "Wellington Chess Club"]
[Date "2024.10.31"]
[Round "5.5"]
[White "Keith, Matthew"]
[Black "Aldridge, Alan L"]
[Result "1-0"]
[WhiteElo "1830"]
[BlackElo "1822"]
[WhiteFideId "4320913"]
[BlackFideId "4301528"]
[PlyCount "0"]
[EventDate "2024.09.26"]
[SourceDate ""]

1. e4 e5 2. Nf3 Nc6 3. Bb5 Nf6 4. O-O { Happy to allow the Berlin Endgame, as
in practice it is more difficult to play with Black, and I have some experience
with it. } 4... d6 5. Re1 Be7 6. c3 O-O 7. h3 a6 8. Ba4 b5 9. Bb3 Na5 { By a
slightly odd move order, we have a very mainline closed Ruy Lopez. } 10. Bc2 c5
11. d4 Qc7 12. Nbd2 cxd4 13. cxd4 Bd7 14. Nf1 { I had a slight time advantage
before this move, which is quite typical for me in the opening, but here I
spent 23 minutes to play this move. I was considering b4 but concluded that it
was not strong after Nc6 or Rfc8. }  (14. b4 $6 Rfc8 $1 15. bxa5 Qxc2 $15 { And
black is simply better, at least practically. } ) 14... Rac8 15. Bd3 { In
retrospect, Ne3 would make more sense, but I wanted to quickly get to the c
file. This move is fine. } 15... Nc6 16. Ne3 { Sacrificing a pawn. At first my
intent was to win back the pawn with a better structure by Nc2, but Nd5 really
jumped out to me. } 16... exd4 17. Nd5 Qa7 $2 { Mistake. Nxd5 was best.   Black
should have played Nxd5 and Ne5. My opponent missed this resource, and I
underestimated it. }  (17... Nxd5 18. exd5 Ne5 19. Bf4 { I thought my position
was quite good here, but it could be said that I was quite optimistic, as I
initially thought Nxd5 would lose, and after I spotted Ne5 I wanted to reassure
myself. } ) 18. Nxe7+ Nxe7 19. Bf4 { Going for d6. Bg5 was also strong,
unavoidably damaging Black's pawn structure. Already the position is very
difficult. } 19... Ng6 $2 { Mistake. Qc5 was best.   My opponent had a longish
think before playing this, but the position was already not going well and this
move at the very least allows me long term pressure in an endgame. } 20. Bxd6
Rfe8 21. e5 Nd5 22. Bxg6 $6 { Inaccuracy. Be4 was best.   A very natural
decision, going for simplification. However, }  (22. Be4 { was even better,
when White has super active pieces and still an extra pawn. } ) 22... hxg6 23.
Qxd4 Qxd4 24. Nxd4 Rc4 25. Nb3 $6 { Inaccuracy. Rad1 was best. } 25... Nb4 $6 {
Inaccuracy. Rc2 was best. }  (25... Rc2) 26. Nc5 { I was disappointed after
this move, as I immediately saw that Black has Rxc5, making the endgame far
more difficult. } 26... Bc8 (26... Rxc5 27. Bxc5 Nc2 28. Rad1 Nxe1 29. Rxd7 { I
did see I would at least keep the pressure on here, as opposed to the almost
certainly drawn opposite coloured bishop endgame. } ) 27. Re2 Nc2 $6 {
Inaccuracy. Rd4 was best.   A decent trick, but it ends up making it easier for
me to convert the advantage } 28. Rd1 (28. Rc1 $4 { No doubt my opponent was
hoping for this } 28... Nd4 $1 { wins the exchange. } ) 28... Nd4 29. Re4 { Now
black must lose another pawn. } 29... Ne6 30. Rxc4 bxc4 31. Na4 $6 {
Inaccuracy. Rd5 was best.   A very human move, to avoid the exchange of
knights. Rd5 was objectively better, but this natural move hardly spoils the
advantage. } 31... Bd7 $2 { Mistake. Nf4 was best. } 32. Nb6 Bb5 33. a4 Bc6 34.
Rc1 Nd8 $6 { Inaccuracy. Bb7 was best.   My opponent attempts to create some
sort of defensive formation, but there's nothing he can do. } 35. Rxc4 Re6 36.
Nc8 { 1-0 White wins. This move threatens Ne7 after which the king will have to
go to f8 and allow a deadly discovery. This game was so far my best game, as it
was very a clean exploitation of my opponent's errors. I was very happy with
this game, especially as it was nice to get back into a bit of momentum after
being on a half score. } 1-0

[Event "Wellington Club Championship - B Grade"]
[Site "Wellington Chess Club"]
[Date "2024.11.07"]
[Round "6.1"]
[White "Chang, Luke"]
[Black "Aldridge, Alan L"]
[Result "1/2-1/2"]
[WhiteElo "1930"]
[BlackElo "1822"]

1. e4 e5 2. Nf3 Nc6 3. Bb5 a6 4. Ba4 Nf6 5. O-O b5 6. Bb3 Bc5 7. Re1 d6 8. h3
O-O 9. c3 Bb6 10. d3 h6 11. Nbd2 Re8 12. Nf1 Ne7 13. Ng3 Ng6 14. d4 Be6 15. Bc2
c6 16. Be3 Rb8 17. Qd2 Qd7 18. Nf5 Nxe4 19. Nxh6+ gxh6 20. Bxe4 f5 21. Bc2 e4
22. Nh2 h5 23. f4 Qg7 24. Kf2 Bd8 25. Rg1 h4 26. Rge1 Ne7 27. Nf1 Bc4 28. Kg1
Kh8 29. Bb3 d5 30. Bc2 Rg8 31. b3 Bxf1 32. Rxf1 Nc8 33. Qe2 Qg6 34. Kh1 Rb7 35.
Rg1 Nd6 36. Bf2 Rh7 37. Raf1 Nf7 38. Bd1 Bc7 39. Be1 Qd6 40. c4 Qh6 41. cxd5
cxd5 42. Qe3 Qd6 43. Kh2 Ng5 44. g3 hxg3+ 45. Rxg3 Ne6 46. Rxg8+ Kxg8 47. Bd2
Kh8 48. Qf2 Ng5 49. h4 Qh6 50. Kg2 Nf3 51. Bxf3 exf3+ 52. Kxf3 Qxh4 53. Qxh4
Rxh4 54. Rc1 Rh3+ 55. Kf2 Bb6 1/2-1/2

[Event "Wellington Club Championship - B Grade"]
[Site "Wellington Chess Club"]
[Date "2024.11.07"]
[Round "6.2"]
[White "Winsley, Daniel"]
[Black "Keith, Matthew"]
[Result "0-1"]
[WhiteElo "1781"]
[BlackElo "1830"]
[WhiteFideId "4315138"]
[BlackFideId "4320913"]
[PlyCount "0"]
[EventDate "2024.09.26"]
[SourceDate ""]

1. b3 Nf6 2. Bb2 d5 3. e3 e6 4. f4 c5 5. Nf3 Nc6 6. Bb5 Bd6 7. d3 O-O 8. Nbd2
$4 { Blunder. Bxc6 was best. }  (8. Bxc6 bxc6 9. Nbd2 Nd7 10. O-O f6 11. Nh4
Rf7 12. Qe2 Qc7) 8... d4 $4 { Blunder. Ng4 was best. }  (8... Ng4 9. Qe2 Nb4
10. Nf1 d4 11. h3 Nxe3 12. Nxe3 dxe3 13. d4 a6 14. Bd3) 9. Bxc6 dxe3 10. Be4 $2
{ Mistake. Nc4 was best. }  (10. Nc4 bxc6 11. Nxd6 Qxd6 12. O-O Nd5 13. c4 Ne7
14. Ng5 e5 15. Ne4 Qg6) 10... exd2+ 11. Qxd2 Nxe4 12. dxe4 Qc7 13. e5 $6 {
Inaccuracy. Qc3 was best. }  (13. Qc3) 13... Be7 14. O-O-O b5 15. h4 Rd8 16.
Qe2 Rxd1+ 17. Rxd1 Ba6 $6 { Inaccuracy. c4 was best. }  (17... c4 18. Kb1 a5
19. Nd4 cxb3 20. cxb3 a4 21. Nxb5 Qb6 22. Nd6 axb3 23. a3) 18. Qe4 $2 {
Mistake. f5 was best. }  (18. f5 Rd8 19. f6 Rxd1+ 20. Qxd1 Bf8 21. Ng5 g6 22.
Kb1 h6 23. Ne4 Bb7) 18... Bb7 19. Qe2 c4 20. c3 $2 { Mistake. Kb1 was best. } 
(20. Kb1) 20... Bd5 21. Nd4 b4 22. Kc2 cxb3+ 23. axb3 bxc3 24. Bxc3 Rc8 25. Qe3
Bb4 26. Ne2 Qa5 27. Rb1 $2 { Mistake. Kd2 was best. }  (27. Kd2 Qa2+ 28. Ke1
Qxb3 29. Rc1 Ba3 30. Rd1 Bf8 31. h5 h6 32. Qg3 Qb7) 27... Qa2+ 28. Rb2 Bxb3+
29. Kc1 Ba3 0-1

[Event "Wellington Club Championship - B Grade"]
[Site "Wellington Chess Club"]
[Date "2024.11.07"]
[Round "6.3"]
[White "Jackson, L Ross"]
[Black "Malcolm, Aidan"]
[Result "1/2-1/2"]
[WhiteElo "1942"]
[BlackElo "1859"]
[WhiteFideId "4301501"]
[BlackFideId "4315073"]
[PlyCount "0"]
[EventDate "2024.09.26"]
[SourceDate ""]

1. d4 d5 2. Nf3 Nf6 3. Bf4 c5 4. e3 Nc6 5. c3 Qb6 6. Qb3 c4 7. Qxb6 axb6 8.
Nbd2 Bf5 9. Nh4 Bg6 10. Nxg6 hxg6 11. e4 e6 12. Be2 b5 13. exd5 exd5 14. O-O b4
15. Bf3 bxc3 16. bxc3 Kd7 17. a4 Bd6 18. Bxd6 Kxd6 19. Rfb1 Ra7 20. Rb5 Ne7 21.
Rab1 Kc7 22. Re1 Kd6 23. Bd1 Re8 24. Bc2 Nc8 25. Rd1 Nd7 26. Kf1 Kc6 27. Rdb1
Nd6 28. R5b4 Rb8 29. Nf3 Re8 30. Nd2 Rb8 31. Bd1 Rba8 32. Bc2 Rb8 33. Nf3 Re8
34. Nd2 1/2-1/2

[Event "Wellington Club Championship - B Grade"]
[Site "Wellington Chess Club"]
[Date "2024.11.07"]
[Round "6.4"]
[White "Tanoi, T Edward"]
[Black "Benitez, Edgar"]
[Result "1-0"]
[WhiteElo "1917"]
[BlackElo "1862"]
[WhiteFideId "4302087"]
[BlackFideId "4301315"]
[PlyCount "0"]
[EventDate "2024.09.26"]
[SourceDate ""]

1. d4 Nf6 2. c4 g6 3. Nc3 Bg7 4. e4 d6 5. f3 O-O 6. Nge2 e5 7. Be3 Nc6 8. d5
Ne7 9. Qd2 Ne8 10. h4 f5 11. Bh6 fxe4 12. Bxg7 Nxg7 13. Nxe4 Nh5 14. O-O-O Nf4
15. Nxf4 exf4 16. h5 Qe8 17. hxg6 Qxg6 18. Bd3 Qg7 19. g4 Ng6 20. Rh5 Qd4 21.
Kb1 Kg7 22. Ng5 h6 23. Qc2 Qf6 24. Rxh6 Kxh6 25. Qh2+ 1-0

[Event "Wellington Club Championship - B Grade"]
[Site "Wellington Chess Club"]
[Date "2024.11.07"]
[Round "6.5"]
[White "Ulm, Joy"]
[Black "Sethuramalingam, Karthik"]
[Result "0-1"]
[WhiteElo "1890"]
[BlackElo "1871"]
[WhiteFideId "4321081"]
[BlackFideId "4320964"]
[PlyCount "0"]
[EventDate "2024.09.26"]
[SourceDate ""]

1. d4 d5 2. c4 e6 3. Nc3 Bb4 4. cxd5 exd5 5. Nf3 Nf6 6. Bg5 h6 7. Bxf6 (7. Bh4
O-O (7... g5 8. Bg3 Ne4 9. Nd2 Nxg3 10. hxg3 c6) 8. e3) 7... Qxf6 8. Qb3 c5 $1
(8... Qb6 9. Qxd5 (9. e3 c6 10. Bd3 O-O 11. O-O Bd6) 9... Be6 10. Qe4 Bxc3+ 11.
bxc3 Qb2) 9. Qxd5 Nc6 10. a3 Be6 (10... cxd4 11. axb4 dxc3) 11. Qe4 cxd4 12.
Nxd4 Qxd4 (12... O-O-O $1 13. axb4 (13. Nb5 Bxc3+ (13... Ba5 14. Rc1 a6 15. e3
(15. b4 Bb6 16. e3 axb5) 15... Kb8) 14. Nxc3 Bf5 15. Qc4 (15. Qf4 Nd4 16. Rc1
Nc2+ 17. Rxc2 Bxc2 18. Qc1 Qg6 19. e4 Bb3 20. Nb5+ Kd7) ) ) 13. axb4 $1 (13.
Qxd4 Nxd4) 13... Qxe4 14. Nxe4 Nxb4 (14... Rd8 15. f3 $1 (15. e3) ) 15. Rc1 Rd8
16. e3 O-O 17. Be2 Nd3+ (17... Bd5 18. f3 Bxe4 19. fxe4 Nd3+ 20. Bxd3 Rxd3) 18.
Bxd3 Rxd3 19. Nc5 $1 { Missed this } 19... Rd6 20. Nxe6 Rxe6 { Endgames are
better for black because of the two on one on the outside. } 21. Ke2 Rb6 22.
Rc2 Rd8 23. Ra1 a6 24. Ra3 Rd5 25. Rd3 Rdb5 26. Rd8+ Kh7 27. Rdd2 Rb3 28. Kf3
g5 29. Rd7 Rxb2 30. Rxf7+ Kg6 31. Rcc7 Rf6+ 32. Rxf6+ Kxf6 33. g4 a5 34. Ke4 a4
35. Kd3 a3 36. Kc3 Rb1 37. Rh7 a2 38. Rxh6+ Kg7 39. Re6 a1=Q+ 40. Kd3 Qa3+ 41.
Ke4 Qa4+ 42. Kf5 Rb5+ 43. Re5 Qc2+ 0-1